[Event "Landesliga Sued 1718"]
[Site "Bayern"]
[Date "2017.11.12"]
[Round "2.4"]
[White "Mueller, Alexander"]
[Black "Lipok, Erik"]
[Result "0-1"]
[WhiteElo "2201"]
[BlackElo "2085"]
[PlyCount "41"]
[EventDate "2017.10.22"]
[EventType "team-tourn"]
[EventRounds "9"]
[EventCountry "GER"]
[SourceTitle "EXT 2022"]
[Source "ChessBase"]
[SourceDate "2021.10.06"]
[SourceVersion "1"]
[SourceVersionDate "2021.10.06"]
[SourceQuality "1"]
[WhiteTeam "Rottal Inn"]
[BlackTeam "Roehrnbach"]
[WhiteTeamCountry "GER"]
[BlackTeamCountry "GER"]

1. Nf3 f5 2. c4 Nf6 3. Nc3 g6 4. d4 Bg7 5. g3 0-0 6. Bg2 d6 7. d5 c5 8. 0-0 Na6 9. Rb1 Bd7 10. Ng5 Nc7 11. Qd3 Ng4 12. f4 Rb8 13. h3 Nf6 14. a4 b6 15. Bd2 h6 16. Nf3 Ne4 17. Nxe4 fxe4 18. Qxe4 Bf5 19. Qe3 Bxb1 20. Rxb1 Qe8 21. Nh4 0-1

[Event "Regionalliga SO 1516"]
[Site "Bayern"]
[Date "2016.04.10"]
[Round "9.6"]
[White "Lipok, Erik"]
[Black "Bergerhoff, Andreas"]
[Result "1/2-1/2"]
[WhiteElo "2038"]
[BlackElo "1910"]
[PlyCount "204"]
[EventDate "2015.10.11"]
[EventType "team-tourn"]
[EventRounds "9"]
[EventCountry "GER"]
[SourceTitle "EXT 2018"]
[Source "ChessBase"]
[SourceDate "2017.10.13"]
[SourceVersion "1"]
[SourceVersionDate "2017.10.13"]
[SourceQuality "1"]
[WhiteTeam "Roehrnbach"]
[BlackTeam "Bruckmuehl"]
[WhiteTeamCountry "GER"]
[BlackTeamCountry "GER"]

1. d4 Nf6 2. Nf3 e6 3. g3 d5 4. Bg2 Nbd7 5. 0-0 Bd6 6. b3 Qe7 7. c4 c6 8. Bb2 0-0 9. Nc3 Rd8 10. cxd5 exd5 11. Nd2 Ba3 12. Qc1 Bxb2 13. Qxb2 Nf8 14. Rac1 Bf5 15. Rfe1 Ne6 16. Na4 Qb4 17. e3 Qd6 18. Nc5 Nxc5 19. dxc5 Qc7 20. Nf3 h5 21. b4 Be4 22. Nd4 Bxg2 23. Kxg2 Qe5 24. Qc2 a6 25. Qf5 Re8 26. Qxe5 Rxe5 27. Rc2 g6 28. a4 Ree8 29. Rb1 Nd7 30. b5 axb5 31. axb5 Ra5 32. bxc6 bxc6 33. Nxc6 Rxc5 34. Rxc5 Nxc5 35. Rb5 Ne6 36. Rxd5 Kg7 37. Rd7 Kf6 38. e4 Rc8 39. e5+ Kg7 40. Ne7 Rc2 41. Nd5 Rd2 42. Nf6 Rxd7 43. Nxd7 g5 44. Kf3 g4+ 45. Ke3 Kg6 46. Ke4 Ng5+ 47. Kf4 Ne6+ 48. Ke4 Ng5+ 49. Ke3 Kf5 50. Nf6 Kxe5 51. Nxh5 Kf5 52. Nf4 Ke5 53. Nd3+ Kf5 54. Ne1 Ne6 55. Ng2 Ke5 56. Nh4 Nc5 57. f3 gxf3 58. Kxf3 f5 59. Ng6+ Kf6 60. Nf4 Nd7 61. Nd3 Nf8 62. h4 Ne6 63. Ke3 Ng7 64. Nf4 Ke5 65. Kf3 Kf6 66. Ke2 Ne8 67. Ke3 Ke5 68. Nd3+ Kf6 69. Kd4 Nd6 70. Nf4 Nf7 71. Kd5 Nh6 72. Kd6 Nf7+ 73. Kd5 Nh6 74. Kd6 Nf7+ 75. Kd7 Ne5+ 76. Ke8 Ng4 77. Kf8 Nh6 78. Nd5+ Ke5 79. Kg7 Ng4 80. Nf4 Ke4 81. Kg6 Kf3 82. Kxf5 Kxg3 83. Kg5 Ne5 84. Ne2+ Kf2 85. Kf5 Nf7 86. Kf6 Nh6 87. Kg6 Ng4 88. Kg5 Ne5 89. Nd4 Ke3 90. Nf5+ Ke4 91. h5 Kd5 92. Ng7 Kd6 93. Kf5 Nf7 94. Kf6 Nh6 95. Kg5 Ng8 96. Kg6 Ke7 97. Nf5+ Kf8 98. Nd6 Ne7+ 99. Kh7 Nd5 100. Kh6 Ne7 101. Nf5 Nxf5+ 102. Kg6 Nh6 1/2-1/2

[Event "Niederbayernliga 1112"]
[Site "Bayern"]
[Date "2012.??.??"]
[Round "7"]
[White "Lipok, Erik"]
[Black "Bernauer, Thomas"]
[Result "1-0"]
[WhiteElo "2013"]
[BlackElo "1876"]
[PlyCount "67"]
[EventDate "2011.10.??"]
[EventType "team-tourn"]
[EventRounds "9"]
[EventCountry "GER"]
[SourceTitle "EXT 2023"]
[Source "ChessBase"]
[SourceDate "2022.10.05"]
[SourceVersion "1"]
[SourceVersionDate "2022.10.05"]
[SourceQuality "1"]
[WhiteTeam "Roehrnbach"]
[BlackTeam "Grafenau"]
[WhiteTeamCountry "GER"]
[BlackTeamCountry "GER"]

1. d4 e6 2. Nf3 Nf6 3. Bg5 c5 4. c3 d5 5. Nbd2 b6 6. e3 Nbd7 7. Ne5 Qc7 8. f4 Bb7 9. Bd3 a6 10. Qf3 b5 11. 0-0 Nb6 12. f5 Be7 13. fxe6 fxe6 14. Qh3 Bc8 15. Bxf6 Bxf6 16. Qh5+ Ke7 17. Ng6+ hxg6 18. Qxh8 e5 19. Bxg6 cxd4 20. cxd4 exd4 21. Rac1 Qb7 22. Qe8+ Kd6 23. Qf8+ Qe7 24. Rxf6+ gxf6 25. Rc6+ Kxc6 26. Qxe7 Bd7 27. exd4 Rg8 28. Qxf6+ Kb7 29. b3 Rc8 30. h3 Rc6 31. Qg7 Rc7 32. Qe5 Bc6 33. Nf3 Nd7 34. Qd6 1-0

[Event "Niederbayernliga 0708"]
[Site "Germany"]
[Date "2007.11.25"]
[Round "3.2"]
[White "Lipok, Erik"]
[Black "Grum, Theodor"]
[Result "1-0"]
[WhiteElo "2020"]
[BlackElo "1690"]
[PlyCount "77"]
[EventDate "2007.10.21"]
[EventType "team"]
[EventRounds "9"]
[EventCountry "GER"]
[SourceTitle "EXT 2009"]
[Source "ChessBase"]
[SourceDate "2008.11.26"]
[SourceVersion "1"]
[SourceVersionDate "2008.11.26"]
[SourceQuality "1"]
[WhiteTeam "Waldkirchen Freyung"]
[BlackTeam "Grafenau"]
[WhiteTeamCountry "GER"]
[BlackTeamCountry "GER"]

1. d4 Nf6 2. Nf3 g6 3. g3 Bg7 4. Bg2 0-0 5. 0-0 d6 6. c4 Nbd7 7. Nc3 e5 8. e3 c6 9. b3 e4 10. Nd2 d5 11. Ba3 Re8 12. cxd5 cxd5 13. Rc1 Qa5 14. Ndb1 b5 15. Bd6 Qb6 16. Bc5 Nxc5 17. dxc5 Qa5 18. Nxd5 Nxd5 19. Qxd5 Be6 20. Qd2 Qxd2 21. Nxd2 f5 22. Rc2 b4 23. f3 exf3 24. Bxf3 Rac8 25. c6 Bc3 26. Nb1 Bg7 27. Rd1 Re7 28. Kf2 Rcc7 29. Rd8+ Kf7 30. Rb8 Bh6 31. Re2 Bc8 32. Rxb4 Ba6 33. Re1 Re5 34. Rd4 Rce7 35. Bd5+ Kf8 36. Bc4 Bxc4 37. Rxc4 Bxe3+ 38. Kf3 Rc5 39. Rxe3 1-0

[Event "Niederbayernliga 0708"]
[Site "Germany"]
[Date "2007.03.09"]
[Round "7.2"]
[White "Mauritz, Guenther"]
[Black "Lipok, Erik"]
[Result "0-1"]
[WhiteElo "1872"]
[BlackElo "2020"]
[PlyCount "56"]
[EventDate "2007.10.21"]
[EventType "team"]
[EventRounds "9"]
[EventCountry "GER"]
[SourceTitle "EXT 2009"]
[Source "ChessBase"]
[SourceDate "2008.11.26"]
[SourceVersion "1"]
[SourceVersionDate "2008.11.26"]
[SourceQuality "1"]
[WhiteTeam "Vilshofen"]
[BlackTeam "Waldkirchen Freyung"]
[WhiteTeamCountry "GER"]
[BlackTeamCountry "GER"]

1. e4 c6 2. Nc3 d5 3. Nf3 g6 4. h3 Bg7 5. d4 dxe4 6. Nxe4 Nd7 7. Bc4 Ngf6 8. Ng3 0-0 9. 0-0 b5 10. Bd3 a6 11. a4 Bb7 12. c3 bxa4 13. Rxa4 c5 14. Ra3 cxd4 15. Nxd4 Nc5 16. Be2 e5 17. Nf3 Qc7 18. Be3 Nd5 19. Bxc5 Qxc5 20. Ne4 Qc6 21. Ne1 f5 22. Ng5 h6 23. Ngf3 Kh7 24. Nd2 Nf4 25. Bf3 e4 26. Be2 Rfd8 27. Kh2 Nxe2 28. Qxe2 Qd6+ 0-1

[Event "Niederbayernliga 0708"]
[Site "Germany"]
[Date "2007.02.17"]
[Round "6.1"]
[White "Huwa, Walter"]
[Black "Lipok, Erik"]
[Result "1/2-1/2"]
[WhiteElo "2157"]
[BlackElo "2020"]
[PlyCount "37"]
[EventDate "2007.10.21"]
[EventType "team"]
[EventRounds "9"]
[EventCountry "GER"]
[SourceTitle "EXT 2009"]
[Source "ChessBase"]
[SourceDate "2008.11.26"]
[SourceVersion "1"]
[SourceVersionDate "2008.11.26"]
[SourceQuality "1"]
[WhiteTeam "Straubing"]
[BlackTeam "Waldkirchen Freyung"]
[WhiteTeamCountry "GER"]
[BlackTeamCountry "GER"]

1. e4 c6 2. d4 d5 3. e5 Bf5 4. Be3 Qb6 5. Qc1 e6 6. Nd2 c5 7. c3 Nc6 8. dxc5 Bxc5 9. Bxc5 Qxc5 10. Nb3 Qb6 11. Nf3 Nge7 12. Nbd4 Bg6 13. Be2 Rc8 14. 0-0 0-0 15. Qd2 Nxd4 16. Nxd4 Nc6 17. Nf3 h6 18. Rfe1 Rfd8 19. Rad1 1/2-1/2

[Event "Niederbayernliga 0708"]
[Site "Germany"]
[Date "2007.01.20"]
[Round "5.2"]
[White "Lipok, Erik"]
[Black "Maierhofer, Johann"]
[Result "1/2-1/2"]
[WhiteElo "2020"]
[BlackElo "2043"]
[PlyCount "20"]
[EventDate "2007.10.21"]
[EventType "team"]
[EventRounds "9"]
[EventCountry "GER"]
[SourceTitle "EXT 2009"]
[Source "ChessBase"]
[SourceDate "2008.11.26"]
[SourceVersion "1"]
[SourceVersionDate "2008.11.26"]
[SourceQuality "1"]
[WhiteTeam "Waldkirchen Freyung"]
[BlackTeam "Simbach"]
[WhiteTeamCountry "GER"]
[BlackTeamCountry "GER"]

1. d4 e6 2. Nf3 d5 3. Bf4 Nf6 4. e3 Nbd7 5. Bd3 Be7 6. h3 0-0 7. 0-0 c5 8. b3 b6 9. c4 Bb7 10. Nbd2 Rc8 1/2-1/2

[Event "Niederbayernliga 0607"]
[Site "Germany"]
[Date "2007.??.??"]
[Round "8.2"]
[White "Grabmeier, Johannes"]
[Black "Lipok, Erik"]
[Result "0-1"]
[WhiteElo "1967"]
[BlackElo "2004"]
[PlyCount "64"]
[EventDate "2006.??.??"]
[EventType "team"]
[EventRounds "9"]
[EventCountry "GER"]
[SourceTitle "EXT 2008"]
[Source "ChessBase"]
[SourceDate "2007.11.25"]
[SourceVersion "1"]
[SourceVersionDate "2007.11.25"]
[SourceQuality "1"]
[WhiteTeam "Deggendorf"]
[BlackTeam "Waldkirchen"]
[WhiteTeamCountry "GER"]
[BlackTeamCountry "GER"]

1. b4 d5 2. Bb2 Nf6 3. e3 Bf5 4. Nf3 e6 5. b5 c5 6. d3 Qa5+ 7. Qd2 Qxb5 8. Bxf6 gxf6 9. Be2 Qb2 10. Qc3 Qxc3+ 11. Nxc3 Bg6 12. Rb1 b6 13. h4 h6 14. Nd2 Nc6 15. Nb5 Kd7 16. c4 Nb4 17. e4 dxe4 18. Nxe4 a6 19. Nbc3 f5 20. h5 Bh7 21. Nf6+ Kc7 22. Nxh7 Rxh7 23. g4 fxg4 24. a3 Nc2+ 25. Kd2 Nd4 26. Bxg4 Rg7 27. Bh3 Be7 28. f4 Rd8 29. Ne4 f5 30. Nc3 Rg3 31. Bf1 Bd6 32. Rh4 Nf3+ 0-1

[Event "Niederbayernliga 0607"]
[Site "Germany"]
[Date "2007.??.??"]
[Round "7.3"]
[White "Seitner, Ralf"]
[Black "Lipok, Erik"]
[Result "0-1"]
[WhiteElo "1836"]
[BlackElo "2004"]
[PlyCount "74"]
[EventDate "2006.??.??"]
[EventType "team"]
[EventRounds "9"]
[EventCountry "GER"]
[SourceTitle "EXT 2008"]
[Source "ChessBase"]
[SourceDate "2007.11.25"]
[SourceVersion "1"]
[SourceVersionDate "2007.11.25"]
[SourceQuality "1"]
[WhiteTeam "Vilshofen"]
[BlackTeam "Waldkirchen"]
[WhiteTeamCountry "GER"]
[BlackTeamCountry "GER"]

1. e4 c6 2. d4 d5 3. Nc3 g6 4. Nf3 Bg7 5. Be3 b5 6. Bd3 a6 7. Qd2 Bb7 8. e5 e6 9. h4 h6 10. Ne2 Nd7 11. c3 Qc7 12. Nh2 c5 13. g4 Nxe5 14. dxe5 d4 15. cxd4 cxd4 16. Bxd4 Bxh1 17. f3 Bxe5 18. Rc1 Qd6 19. Bxe5 Qxe5 20. Qc3 Qxh2 21. Qc6+ Kf8 22. Qxa8+ Kg7 23. Rc8 Qxh4+ 24. Kd1 h5 25. gxh5 Qxh5 26. Be4 Nf6 27. Rxh8 Qxh8 28. Qxa6 Qd8+ 29. Ke1 Nxe4 30. fxe4 Qd3 31. Nc3 Qe3+ 32. Ne2 Bxe4 33. Qa5 Bd3 34. Qd2 Qxe2+ 35. Qxe2 Bxe2 36. Kxe2 Kf6 37. b4 Ke5 0-1

[Event "Niederbayernliga 0607"]
[Site "Germany"]
[Date "2006.??.??"]
[Round "2.2"]
[White "Lipok, Erik"]
[Black "Friedl, Gerhard"]
[Result "1-0"]
[WhiteElo "2004"]
[BlackElo "1826"]
[PlyCount "53"]
[EventDate "2006.??.??"]
[EventType "team"]
[EventRounds "9"]
[EventCountry "GER"]
[SourceTitle "EXT 2008"]
[Source "ChessBase"]
[SourceDate "2007.11.25"]
[SourceVersion "1"]
[SourceVersionDate "2007.11.25"]
[SourceQuality "1"]
[WhiteTeam "Waldkirchen"]
[BlackTeam "Kauflanden"]
[WhiteTeamCountry "GER"]
[BlackTeamCountry "GER"]

1. d4 d5 2. Nf3 e6 3. Bf4 f5 4. c4 Nf6 5. Nc3 Bd6 6. Bxd6 Qxd6 7. e3 0-0 8. Qb3 c6 9. Be2 Nbd7 10. 0-0 Ne4 11. Rad1 Ndf6 12. Ne5 Nd7 13. Nd3 Nxc3 14. bxc3 Qe7 15. Bf3 Kh8 16. cxd5 exd5 17. a4 Rb8 18. c4 dxc4 19. Qxc4 b5 20. Qa2 Rf6 21. axb5 cxb5 22. Qxa7 Rh6 23. Rc1 Qd6 24. g3 Qb6 25. Rxc8+ Rxc8 26. Qxd7 Rf8 27. Ne5 1-0

[Event "Donau op 12th"]
[Site "Aschach"]
[Date "2003.12.26"]
[Round "1"]
[White "Lipok, Erik"]
[Black "Seifert, Volker"]
[Result "0-1"]
[WhiteElo "2100"]
[BlackElo "2337"]
[PlyCount "90"]
[EventDate "2003.12.26"]
[EventType "swiss"]
[EventRounds "7"]
[EventCountry "AUT"]
[SourceTitle "CBM 097 Extra"]
[Source "ChessBase"]
[SourceDate "2004.01.13"]
[SourceVersion "1"]
[SourceVersionDate "2004.01.13"]
[SourceQuality "1"]

1. Nf3 Nf6 2. g3 e6 3. Bg2 d5 4. 0-0 Be7 5. d3 0-0 6. Nbd2 c5 7. e4 Nc6 8. e5 Nd7 9. Re1 b5 10. c3 a5 11. Nf1 Ba6 12. h4 b4 13. Bf4 Rb8 14. Qc2 Qb6 15. c4 b3 16. axb3 Qxb3 17. Qxb3 Rxb3 18. cxd5 exd5 19. e6 fxe6 20. Rxe6 Bb7 21. Ne1 Nb6 22. Bc7 Kf7 23. Re2 Nd4 24. Rd2 Rc8 25. Bf4 Rb5 26. Ra2 Bf6 27. Nf3 Nb3 28. Rd1 c4 29. dxc4 Nxc4 30. Bh3 Ra8 31. Ng5+ Bxg5 32. Bxg5 d4 33. Bg2 Bxg2 34. Kxg2 Re8 35. Nd2 Nbxd2 36. Bxd2 Rxb2 37. Rxb2 Nxb2 38. Ra1 a4 39. Ra2 Nc4 40. Bb4 a3 41. Ra1 Ra8 42. Kf3 Ra4 43. Bc5 a2 44. Ke2 Na5 45. Bxd4 Nb3 0-1

[Event "Regionalliga SO 0001"]
[Site "Bayern"]
[Date "2001.02.18"]
[Round "6.7"]
[White "Lipok, Erik"]
[Black "Penn, Peter"]
[Result "1-0"]
[WhiteElo "2070"]
[BlackElo "1920"]
[PlyCount "43"]
[EventDate "2000.10.15"]
[EventType "team-tourn"]
[EventRounds "9"]
[EventCountry "GER"]
[SourceTitle "EXT 2020"]
[Source "ChessBase"]
[SourceDate "2019.10.17"]
[SourceVersion "1"]
[SourceVersionDate "2019.10.17"]
[SourceQuality "1"]
[WhiteTeam "Waldkirchen TSV"]
[BlackTeam "Trostberg TSV"]
[WhiteTeamCountry "GER"]
[BlackTeamCountry "GER"]

1. d4 Nf6 2. Nf3 e6 3. e3 b6 4. Bd3 Bb7 5. 0-0 Be7 6. b3 0-0 7. Bb2 c5 8. Nbd2 d5 9. Ne5 Nc6 10. f4 Qc7 11. a3 Rfd8 12. Qf3 Rac8 13. Qh3 Nb8 14. f5 Qd6 15. fxe6 fxe6 16. Rxf6 Bxf6 17. Qxh7+ Kf8 18. Rf1 Qc7 19. g4 Ke7 20. Rxf6 Kxf6 21. dxc5 bxc5 22. Nc6+ 1-0

[Event "Nord Bayern-ch"]
[Site "Pocking"]
[Date "2001.??.??"]
[Round "5"]
[White "Bielmeier, Ludwig"]
[Black "Lipok, Erik"]
[Result "1/2-1/2"]
[WhiteElo "2176"]
[BlackElo "2100"]
[PlyCount "145"]
[EventDate "2001.??.??"]
[EventType "swiss"]
[EventRounds "9"]
[EventCountry "GER"]
[SourceTitle "EXT 2004"]
[Source "ChessBase"]
[SourceDate "2003.11.25"]
[SourceVersion "1"]
[SourceVersionDate "2003.11.25"]
[SourceQuality "1"]

1. d4 f5 2. Bg5 g6 3. Nc3 Nf6 4. e4 fxe4 5. f3 e3 6. Bxe3 Nc6 7. Qd2 e5 8. Nge2 d6 9. 0-0-0 Bg7 10. Bh6 0-0 11. Bxg7 Kxg7 12. dxe5 Nxe5 13. Ng3 Bd7 14. h4 Bc6 15. Be2 h5 16. Qg5 Nf7 17. Qf4 Qe7 18. Bb5 Qe5 19. Nge2 Rfe8 20. Qxe5 Rxe5 21. Nd4 Bxb5 22. Ndxb5 Ne8 23. Rhe1 Rxe1 24. Rxe1 c6 25. Nd4 d5 26. Ne6+ Kf6 27. Nc5 Ned6 28. g4 hxg4 29. fxg4 b6 30. Rf1+ Kg7 31. Ne6+ Kh7 32. Nd4 c5 33. Ndb5 d4 34. Nxd6 Nxd6 35. Nd5 Kg7 36. Nf6 Rh8 37. h5 Rf8 38. g5 Ne4 39. h6+ Kh8 40. Re1 Nxf6 41. gxf6 Rxf6 42. Re7 g5 43. Rg7 Rxh6 44. Rxg5 Kh7 45. Rd5 a5 46. a4 Re6 47. Kd2 Kg7 48. Kd3 Kf7 49. Kc4 Ke7 50. Rh5 Kd6 51. Rh2 Kc6 52. Rg2 Rd6 53. Rg4 Rh6 54. Rg2 Rh4 55. Rg6+ Kc7 56. Kb5 d3 57. Rg7+ Kd6 58. Rg6+ Ke5 59. cxd3 Rb4+ 60. Ka6 Rxa4 61. Kxb6 Rb4+ 62. Kxc5 Rxb2 63. Ra6 Rc2+ 64. Kb5 Rb2+ 65. Kc4 Ra2 66. Ra8 Ra4+ 67. Kc5 Ra1 68. d4+ Ke6 69. d5+ Kd7 70. Ra7+ Kc8 71. Kb5 Rb1+ 72. Kc6 Rc1+ 73. Kb5 1/2-1/2